Statistiques concernant Al Fatiha

Cliquez ici pour prendre le quiz!

Statistiques générales

  • Ce quiz a été pris 5 fois
  • Le résultat moyen est 1 sur 7

Statistiques - réponses

Réponse% Correct
BismiLlahi Ar-Rahmani Ar-Rahim
60%
Ar-Rahmani Ar-Rahim
40%
Maliki yawmi ad-din
20%
Al hamdouliLlahi Rabi al 3alamin
0%
Ihdina sirata al-mustaqim
0%
Iyyaka na3budu wa iyyaka nasta3in
0%
Sirata al-ladhin an3amta 3alayhim ghayri al-maghdubi 3alayhim wa la ad-dalin
0%

Distribution des résultats

Percentile par nombre de réponses

% des personnes avec chaque résultat

Votre développement - résultats

Vous n’avez pas pris ce quiz